00538nam a22001457a 4500020001800000082001400018100002200032245009400054260005500148300000800203650005800211942000700269952009900276999001700375 a9781628929843 a215,7 SWE aSweetman, Brendan aEvolution, Chance, and God: Understanding the Relationship between Evolution and Religion aNew YorkbBloomsbury Publishing Incorporatedc2015 a237 aCreationismaEvolution-Religious aspects-Christianity cBK 001040708REFaHMIbHMIcGENd2018-10-22l0o215,7 SWEp11003766r2026-01-16w2026-01-16yBK c22388d22388